[Event "SLO-CupT"]
[Site "Slovenia"]
[Date "2011.08.27"]
[Round "4"]
[White "Lucovnik, Tilen"]
[Black "Maksl, David"]
[Result "1-0"]
[WhiteElo "1790"]
[BlackElo "1906"]
[PlyCount "105"]
[EventDate "2011.03.06"]
[EventType "team-swiss"]
[EventRounds "5"]
[EventCountry "SLO"]
[SourceTitle "EXT 2019"]
[Source "ChessBase"]
[SourceDate "2018.10.10"]
[SourceVersion "1"]
[SourceVersionDate "2018.10.10"]
[SourceQuality "1"]
[WhiteTeam "Komenda"]
[BlackTeam "Krsko Triglav"]
[WhiteTeamCountry "SLO"]
[BlackTeamCountry "SLO"]

1. e4 e5 2. Nf3 d6 3. d4 exd4 4. Nxd4 Nf6 5. Nc3 Be7 6. Bd3 0-0 7. 0-0 Re8 8. Bg5 h6 9. Bh4 c6 10. Qf3 Nbd7 11. Nf5 Ne5 12. Qf4 Ng6 13. Nxe7+ Qxe7 14. Bxf6 Nxf4 15. Bxe7 Rxe7 16. Rad1 Be6 17. Rfe1 Rae8 18. Bf1 Rd7 19. Ne2 Nxe2+ 20. Bxe2 f5 21. exf5 Bxf5 22. Bc4+ Kf8 23. Rxe8+ Kxe8 24. Re1+ Re7 25. Rxe7+ Kxe7 26. c3 d5 27. Bb3 Kd6 28. Kf1 b5 29. Ke2 a5 30. a3 Kc5 31. Ke3 Bb1 32. f4 a4 33. Bd1 Kc4 34. g4 c5 35. g5 d4+ 36. cxd4 cxd4+ 37. Kd2 Be4 38. gxh6 gxh6 39. Bg4 b4 40. axb4 Kxb4 41. Bd7 Kc5 42. Bxa4 Kd6 43. b4 Ke6 44. b5 Bb7 45. Bc2 Kf6 46. f5 Ke5 47. Bd3 Kd5 48. Ke2 Ke5 49. Kf2 Kf6 50. Kg3 Kg5 51. h4+ Kf6 52. Kf4 Bd5 53. Be4 1-0

[Event "SLO-chT U20"]
[Site "Rogaska Slatina"]
[Date "2010.08.22"]
[Round "2"]
[White "Maksl, David"]
[Black "Cmor, Nino"]
[Result "1-0"]
[WhiteElo "1875"]
[BlackElo "1832"]
[PlyCount "93"]
[EventDate "2010.08.21"]
[EventType "team-tourn"]
[EventRounds "9"]
[EventCountry "SLO"]
[SourceTitle "EXT 2022"]
[Source "ChessBase"]
[SourceDate "2021.10.06"]
[SourceVersion "1"]
[SourceVersionDate "2021.10.06"]
[SourceQuality "1"]

1. e4 c5 2. Nf3 d6 3. d4 cxd4 4. Nxd4 Nf6 5. Nc3 a6 6. Be2 e5 7. Nf3 h6 8. Be3 Be6 9. 0-0 Be7 10. Nd2 d5 11. exd5 Nxd5 12. Nxd5 Bxd5 13. Nc4 Bxc4 14. Bxc4 0-0 15. f4 exf4 16. Bxf4 Nc6 17. Kh1 Qxd1 18. Raxd1 Rad8 19. Bc7 Rd4 20. Bb3 Bd8 21. Rxd4 Nxd4 22. Bd6 Nxb3 23. Bxf8 Kxf8 24. axb3 Bf6 25. c3 Ke7 26. Kg1 Kd6 27. Rd1+ Kc6 28. Kf2 b5 29. b4 Kc7 30. Kf3 Kc6 31. Ke4 Be7 32. Ra1 Kb6 33. Kd5 Bg5 34. Rc1 f6 35. Re1 Bf4 36. Re8 Kb7 37. g3 Bc1 38. b3 Bd2 39. Kd4 h5 40. Kd3 Bh6 41. c4 Ka7 42. c5 Kb7 43. Ke4 Bd2 44. Kd5 Bxb4 45. Re7+ Kb8 46. Rxg7 a5 47. Kc6 1-0

[Event "SLO-chT U20"]
[Site "Rogaska Slatina"]
[Date "2010.08.22"]
[Round "4.42"]
[White "Maksl, David"]
[Black "Vrban, Rok"]
[Result "1-0"]
[WhiteElo "1875"]
[BlackElo "2027"]
[PlyCount "85"]
[EventDate "2010.08.21"]
[EventType "team-tourn"]
[EventRounds "9"]
[EventCountry "SLO"]
[SourceTitle "EXT 2022"]
[Source "ChessBase"]
[SourceDate "2021.10.06"]
[SourceVersion "1"]
[SourceVersionDate "2021.10.06"]
[SourceQuality "1"]

1. e4 Nc6 2. d4 e5 3. d5 Nce7 4. Bd3 Ng6 5. Be3 c6 6. c4 Nf6 7. Nc3 Bb4 8. Nge2 Qe7 9. Ng3 d6 10. 0-0 0-0 11. a3 Ba5 12. b4 Bc7 13. Qe2 Bg4 14. f3 Bd7 15. Nf5 Qd8 16. Qd2 cxd5 17. cxd5 Bxf5 18. exf5 Ne7 19. Bg5 Bb6+ 20. Kh1 Ne8 21. Ne4 f6 22. Bh4 Kh8 23. Nc3 Bd4 24. Be4 a5 25. Bf2 Bxf2 26. Qxf2 g6 27. Qd2 Rc8 28. Rfe1 Kg7 29. g4 axb4 30. axb4 Qb6 31. Qb2 Nc7 32. Na4 Qa7 33. Nc5 Rfd8 34. Red1 Nexd5 35. Rxd5 dxc5 36. Rxc5 Rd7 37. g5 Qb6 38. gxf6+ Qxf6 39. Bxb7 Qxf5 40. Rxe5 Qf6 41. Bxc8 Qxf3+ 42. Kg1 Rd1+ 43. Re1+ 1-0

[Event "SLO-ch U16"]
[Site "Slovenia"]
[Date "2010.??.??"]
[Round "8"]
[White "Hiti, Domen"]
[Black "Maksl, David"]
[Result "1-0"]
[WhiteElo "1920"]
[BlackElo "1875"]
[PlyCount "43"]
[EventDate "2010.??.??"]
[EventType "swiss"]
[EventRounds "9"]
[EventCountry "SLO"]
[SourceTitle "EXT 2012"]
[Source "ChessBase"]
[SourceDate "2011.11.24"]
[SourceVersion "1"]
[SourceVersionDate "2011.11.24"]
[SourceQuality "1"]

1. d4 d5 2. c4 c6 3. Nc3 Nf6 4. Bg5 e6 5. e3 Be7 6. Qc2 Nbd7 7. cxd5 cxd5 8. Nf3 h6 9. Bf4 Qa5 10. Bd3 a6 11. 0-0 b5 12. Ne2 Bd8 13. a4 b4 14. Qc6 Qb6 15. Qxa8 Bb7 16. a5 Qc6 17. Qa7 Bc8 18. Rfc1 Qb7 19. Qxb7 Bxb7 20. Bd6 Be7 21. Bxe7 Kxe7 22. Ne5 1-0

[Event "SLO-ch U16"]
[Site "Slovenia"]
[Date "2010.??.??"]
[Round "4"]
[White "Skvorc, Ziga"]
[Black "Maksl, David"]
[Result "1-0"]
[WhiteElo "1830"]
[BlackElo "1875"]
[PlyCount "55"]
[EventDate "2010.??.??"]
[EventType "swiss"]
[EventRounds "9"]
[EventCountry "SLO"]
[SourceTitle "EXT 2012"]
[Source "ChessBase"]
[SourceDate "2011.11.24"]
[SourceVersion "1"]
[SourceVersionDate "2011.11.24"]
[SourceQuality "1"]

1. e4 e5 2. Nf3 Nf6 3. Nc3 d6 4. d4 exd4 5. Nxd4 Nc6 6. Nxc6 bxc6 7. Bd3 Be7 8. 0-0 0-0 9. Bg5 Rb8 10. b3 d5 11. exd5 cxd5 12. Rb1 c6 13. Ne2 Ng4 14. Bxe7 Qxe7 15. h3 Ne5 16. Nd4 Qf6 17. Re1 Bd7 18. Bxh7+ Kxh7 19. Qh5+ Kg8 20. Qxe5 Qg6 21. Re3 c5 22. Rg3 Qh6 23. Nf5 Bxf5 24. Qxf5 Rbd8 25. Qg5 Qh7 26. Re1 Rd6 27. Qe7 Rfd8 28. Qe8+ 1-0

[Event "SLO-chT U20"]
[Site "Nova Gorica"]
[Date "2009.08.26"]
[Round "8"]
[White "Maksl, David"]
[Black "Drnovsek, Nejc"]
[Result "0-1"]
[WhiteElo "1905"]
[BlackElo "2125"]
[PlyCount "90"]
[EventDate "2009.08.22"]
[EventType "team-tourn"]
[EventRounds "9"]
[EventCountry "SLO"]
[SourceTitle "CBM 132 Extra"]
[Source "ChessBase"]
[SourceDate "2009.11.03"]
[SourceVersion "1"]
[SourceVersionDate "2009.11.03"]
[SourceQuality "1"]

1. e4 e5 2. Nf3 Nc6 3. Bb5 a6 4. Ba4 Nf6 5. 0-0 b5 6. Bb3 Bc5 7. d3 d6 8. h3 h6 9. c3 0-0 10. d4 Bb6 11. Re1 Bb7 12. d5 Ne7 13. Nh4 Bc8 14. a4 Rb8 15. Bc2 g5 16. Nf3 Ng6 17. Nh2 Nf4 18. Ng4 Bxg4 19. hxg4 Qd7 20. a5 Ba7 21. Be3 Bxe3 22. fxe3 Ng6 23. Rf1 Nxg4 24. Qe2 Kg7 25. Nd2 Nf6 26. Qf3 Qe7 27. g3 h5 28. Qg2 Nd7 29. Rf5 f6 30. Nf3 Rh8 31. Rf1 h4 32. g4 h3 33. Qf2 Rbf8 34. Kh2 Nh4 35. Nxh4 Rxh4 36. Qg3 b4 37. cxb4 Rb8 38. Qe1 Rxg4 39. Kxh3 Rh4+ 40. Qxh4 gxh4 41. Rg1+ Kf8 42. Rh5 Qf7 43. Rh8+ Ke7 44. Rxb8 Nxb8 45. Bd3 f5 0-1

[Event "SLO-chT U20"]
[Site "Nova Gorica"]
[Date "2009.08.23"]
[Round "3"]
[White "Maksl, David"]
[Black "Hozjan, Erik"]
[Result "1-0"]
[WhiteElo "1905"]
[BlackElo "1721"]
[PlyCount "61"]
[EventDate "2009.08.22"]
[EventType "team-tourn"]
[EventRounds "9"]
[EventCountry "SLO"]
[SourceTitle "CBM 132 Extra"]
[Source "ChessBase"]
[SourceDate "2009.11.03"]
[SourceVersion "1"]
[SourceVersionDate "2009.11.03"]
[SourceQuality "1"]

1. e4 c5 2. Nf3 Nc6 3. d4 cxd4 4. Nxd4 e6 5. Be3 Nge7 6. Nc3 g6 7. Bg5 Bg7 8. Nxc6 bxc6 9. Qd6 f6 10. Bh4 0-0 11. Bc4 Rf7 12. 0-0 Bf8 13. Bxe6 Nf5 14. Bxf7+ Kxf7 15. Qf4 Bd6 16. Qd2 Bxh2+ 17. Kh1 Nxh4 18. Qh6 Qc7 19. f4 g5 20. g3 Ba6 21. Qxh7+ Ke6 22. Rad1 gxf4 23. Rxf4 Ng6 24. Qxg6 Rh8 25. Kg2 Qd8 26. Qf5+ Kf7 27. Rxd7+ Qxd7 28. Qxd7+ Kg6 29. Rg4+ Kh6 30. Qg7+ Kh5 31. Rh4# 1-0

[Event "SLO-ch U16"]
[Site "Rogaska Slatina"]
[Date "2009.02.26"]
[Round "8"]
[White "Maksl, David"]
[Black "Grosar, Gari"]
[Result "1-0"]
[WhiteElo "1901"]
[BlackElo "1879"]
[PlyCount "53"]
[EventDate "2009.02.22"]
[EventType "swiss"]
[EventRounds "9"]
[EventCountry "SLO"]
[SourceTitle "CBM 129 Extra"]
[Source "ChessBase"]
[SourceDate "2009.05.05"]
[SourceVersion "2"]
[SourceVersionDate "2009.05.20"]
[SourceQuality "1"]

1. e4 e5 2. Nf3 Nc6 3. Bb5 a6 4. Ba4 Nf6 5. 0-0 b5 6. Bb3 Bc5 7. Nxe5 Bxf2+ 8. Rxf2 Nxe5 9. d4 Nc4 10. Bxc4 bxc4 11. Bg5 d6 12. Qf1 h6 13. Bxf6 gxf6 14. Rxf6 Rg8 15. Kh1 Rb8 16. b3 cxb3 17. axb3 Qe7 18. Nc3 Bb7 19. Re1 Kf8 20. Re3 Re8 21. Ref3 Rg7 22. Rxh6 Kg8 23. Rfh3 f6 24. Qc4+ Qe6 25. Qxe6+ Rxe6 26. d5 Re5 27. Rxf6 1-0

[Event "SLO-ch U16"]
[Site "Rogaska Slatina"]
[Date "2009.02.25"]
[Round "6"]
[White "Maksl, David"]
[Black "Belsak, Zan"]
[Result "0-1"]
[WhiteElo "1901"]
[BlackElo "2029"]
[PlyCount "54"]
[EventDate "2009.02.22"]
[EventType "swiss"]
[EventRounds "9"]
[EventCountry "SLO"]
[SourceTitle "CBM 129 Extra"]
[Source "ChessBase"]
[SourceDate "2009.05.05"]
[SourceVersion "2"]
[SourceVersionDate "2009.05.20"]
[SourceQuality "1"]

1. e4 e5 2. Nf3 Nc6 3. Bb5 a6 4. Ba4 Nf6 5. 0-0 b5 6. Bb3 Be7 7. Re1 0-0 8. c3 d6 9. h3 Bb7 10. d4 Re8 11. a4 Bf8 12. Bg5 h6 13. Bxf6 Qxf6 14. axb5 axb5 15. Rxa8 Bxa8 16. d5 Ne7 17. Na3 c6 18. dxc6 Bxc6 19. c4 bxc4 20. Nxc4 Ng6 21. Ba4 Bxa4 22. Qxa4 Rb8 23. Rb1 Nf4 24. b4 Qg6 25. g3 Nxh3+ 26. Kh2 Nxf2 27. Qa7 Nxe4 0-1

[Event "SLO-chT U20 17th"]
[Site "Murska Sobota"]
[Date "2008.08.25"]
[Round "1.1"]
[White "Maksl, David"]
[Black "Ursic, Jakob"]
[Result "0-1"]
[WhiteElo "1615"]
[BlackElo "1929"]
[PlyCount "50"]
[EventDate "2008.08.30"]
[EventType "team-tourn"]
[EventRounds "7"]
[EventCountry "SLO"]
[SourceTitle "EXT 2010"]
[Source "ChessBase"]
[SourceDate "2010.11.25"]
[SourceVersion "1"]
[SourceVersionDate "2010.11.25"]
[SourceQuality "1"]
[WhiteTeam "Triglav Krsko"]
[BlackTeam "Hidria Tolmin"]
[WhiteTeamCountry "SLO"]
[BlackTeamCountry "SLO"]

1. e4 e5 2. Nf3 Nc6 3. Bc4 Bc5 4. c3 Nf6 5. d3 h6 6. h3 0-0 7. Nbd2 d6 8. Nf1 Be6 9. Bb3 d5 10. exd5 Bxd5 11. Ng3 Bxb3 12. axb3 e4 13. d4 exf3 14. Qxf3 Re8+ 15. Kf1 Bf8 16. Nf5 Nh7 17. Qg4 Kh8 18. h4 Ne7 19. Ne3 Qd6 20. Rh3 Qg6 21. Qf4 Nf6 22. Ra5 Qd3+ 23. Kg1 Ned5 24. Nxd5 Qd1+ 25. Kh2 Bd6 0-1

[Event "SLO-chT2 East"]
[Site "Brezice Maribor"]
[Date "2008.06.07"]
[Round "3"]
[White "Korze, Danilo"]
[Black "Maksl, David"]
[Result "1/2-1/2"]
[WhiteElo "2062"]
[BlackElo "1549"]
[PlyCount "71"]
[EventDate "2008.10.24"]
[EventType "team-tourn"]
[EventRounds "9"]
[EventCountry "SLO"]
[SourceTitle "EXT 2010"]
[Source "ChessBase"]
[SourceDate "2010.11.25"]
[SourceVersion "1"]
[SourceVersionDate "2010.11.25"]
[SourceQuality "1"]

1. c4 Nf6 2. Nc3 c6 3. e4 e5 4. Nf3 d6 5. d3 g6 6. Be2 Bg7 7. 0-0 0-0 8. b4 Nh5 9. Bd2 Na6 10. Rb1 f5 11. Ng5 Nf4 12. Nf3 h6 13. Ne1 fxe4 14. Nxe4 d5 15. Ng3 Be6 16. Bg4 Bxg4 17. Qxg4 dxc4 18. Bxf4 exf4 19. Ne4 cxd3 20. Qxg6 Qd4 21. Nf3 Qd5 22. Rb3 Rae8 23. Ned2 Re6 24. Qg4 c5 25. bxc5 Nxc5 26. Rbb1 Kh7 27. Rfc1 Rg6 28. Qh3 Rg8 29. Nh4 Ra6 30. Rxc5 Qxc5 31. Qxd3+ Kh8 32. Rxb7 Qc6 33. Rd7 Qf6 34. g3 fxg3 35. hxg3 Rf8 36. Ndf3 1/2-1/2

[Event "SLO-chT U20"]
[Site "Murska Sobota"]
[Date "2007.08.29"]
[Round "6"]
[White "Maksl, David"]
[Black "Vidrih, Jana"]
[Result "0-1"]
[WhiteElo "1608"]
[BlackElo "1678"]
[PlyCount "56"]
[EventDate "2007.08.25"]
[EventType "team-swiss"]
[EventRounds "9"]
[EventCountry "SLO"]
[SourceTitle "CBM 120 Extra"]
[Source "ChessBase"]
[SourceDate "2007.11.01"]
[SourceVersion "1"]
[SourceVersionDate "2007.11.01"]
[SourceQuality "1"]

1. e4 e6 2. d4 d5 3. e5 c5 4. c3 Nc6 5. Nf3 Qb6 6. Bd3 cxd4 7. cxd4 Bd7 8. 0-0 Nxd4 9. Nxd4 Qxd4 10. Nc3 Qxe5 11. Bb5 Bxb5 12. Nxb5 Be7 13. Qa4 Kf8 14. Bf4 Qe4 15. Qxe4 dxe4 16. Nc7 Rd8 17. Rae1 Nf6 18. Be5 a6 19. f4 Bc5+ 20. Kh1 Bb6 21. f5 Ng4 22. Bg3 Ne3 23. Rxe3 Bxe3 24. fxe6 f6 25. h4 Bb6 26. Rc1 e3 27. b4 e2 28. Re1 Rd1 0-1

[Event "SLO-ch U14"]
[Site "Murska Sobota"]
[Date "2007.02.27"]
[Round "5"]
[White "Janzelj, Tim"]
[Black "Maksl, David"]
[Result "0-1"]
[WhiteElo "1722"]
[BlackElo "1584"]
[PlyCount "72"]
[EventDate "2007.02.25"]
[EventType "swiss"]
[EventRounds "9"]
[EventCountry "SLO"]
[SourceTitle "CBM 117 Extra"]
[Source "ChessBase"]
[SourceDate "2007.05.09"]
[SourceVersion "1"]
[SourceVersionDate "2007.05.09"]
[SourceQuality "1"]

1. Nf3 d5 2. d4 Bg4 3. Bf4 Nf6 4. e3 g6 5. h3 Bxf3 6. Qxf3 Bg7 7. Nd2 Nbd7 8. Bd3 c6 9. 0-0 0-0 10. c4 Re8 11. cxd5 Nxd5 12. Bg5 Qc7 13. Rac1 N7f6 14. Nc4 Nb4 15. Be2 Nxa2 16. Ra1 Nb4 17. Ne5 Rf8 18. Bc4 a5 19. e4 Nc2 20. Nxf7 Nxa1 21. Nd8+ Kh8 22. Ne6 Qd7 23. Nxf8 Rxf8 24. Rxa1 Qxd4 25. Bd3 Qxb2 26. Rb1 Qc3 27. Rxb7 Qe1+ 28. Kh2 a4 29. Rxe7 Qa5 30. e5 Ng8 31. Bf6 Nxe7 32. Qg3 Bxf6 33. exf6 Rxf6 34. Qb8+ Kg7 35. Qb7 Qe5+ 36. Kg1 a3 0-1

[Event "SLO-ch U12"]
[Site "Murska Sobota"]
[Date "2006.03.02"]
[Round "7"]
[White "Skrbic, Aristel"]
[Black "Maksl, David"]
[Result "1-0"]
[WhiteElo "1510"]
[BlackElo "1500"]
[PlyCount "55"]
[EventDate "2006.02.26"]
[EventType "swiss"]
[EventRounds "9"]
[EventCountry "SLO"]
[SourceTitle "EXT 2009"]
[Source "ChessBase"]
[SourceDate "2008.11.26"]
[SourceVersion "1"]
[SourceVersionDate "2008.11.26"]
[SourceQuality "1"]

1. d4 f5 2. Nc3 Nf6 3. Bg5 h6 4. Bxf6 exf6 5. e4 fxe4 6. Qh5+ Ke7 7. Nxe4 d5 8. Nc3 Be6 9. 0-0-0 Nc6 10. Nf3 Qd7 11. Re1 Re8 12. Nxd5+ Kd8 13. Nc3 Bb4 14. Rd1 Bxc3 15. bxc3 Bxa2 16. Bb5 a6 17. d5 Kc8 18. dxc6 Qe7 19. cxb7+ Kxb7 20. Bxe8 Rxe8 21. Kb2 Bf7 22. Qc5 Rb8 23. Qa5 Bg6 24. Rd4 c5 25. Ra4 Ka7+ 26. Ka1 Qb7 27. Qxc5+ Ka8 28. Rb4 1-0

[Event "SLO-ch U12"]
[Site "Murska Sobota"]
[Date "2006.02.27"]
[Round "3"]
[White "Tomazini, Zan"]
[Black "Maksl, David"]
[Result "1-0"]
[WhiteElo "1658"]
[BlackElo "1500"]
[PlyCount "43"]
[EventDate "2006.02.26"]
[EventType "swiss"]
[EventRounds "9"]
[EventCountry "SLO"]
[SourceTitle "EXT 2009"]
[Source "ChessBase"]
[SourceDate "2008.11.26"]
[SourceVersion "1"]
[SourceVersionDate "2008.11.26"]
[SourceQuality "1"]

1. e4 e6 2. d4 d5 3. e5 c5 4. c3 Nc6 5. Nf3 Bd7 6. a3 Nge7 7. Bd3 cxd4 8. cxd4 Qb6 9. 0-0 Nxd4 10. Nxd4 Qxd4 11. Nc3 a6 12. Be3 Qxe5 13. Na4 Bxa4 14. Qxa4+ Nc6 15. Rac1 Bd6 16. g3 d4 17. Bf4 Qd5 18. Bc4 Qc5 19. Ba2 Qb6 20. Bxd6 Kd7 21. Be5 f6 22. Bxd4 1-0

[Event "SLO-ch U16"]
[Site "Sentjur"]
[Date "2005.03.02"]
[Round "5"]
[White "Zagar, Blaz"]
[Black "Maksl, David"]
[Result "1-0"]
[WhiteElo "1518"]
[BlackElo "1540"]
[PlyCount "45"]
[EventDate "2005.02.26"]
[EventType "swiss"]
[EventRounds "9"]
[EventCountry "SLO"]
[SourceTitle "CBM 105 Extra"]
[Source "ChessBase"]
[SourceDate "2005.05.01"]
[SourceVersion "1"]
[SourceVersionDate "2005.05.01"]
[SourceQuality "1"]

1. e4 e5 2. Nf3 Nf6 3. d4 exd4 4. e5 Ne4 5. Qxd4 d5 6. exd6 Nxd6 7. Bd3 Nc6 8. Qe3+ Be7 9. 0-0 0-0 10. Nc3 Be6 11. Re1 Re8 12. Ne5 Nxe5 13. Qxe5 Bxa2 14. Nxa2 Bf6 15. Qa5 b6 16. Qd2 Bg5 17. Qd1 Bf6 18. Nc3 Qd7 19. Rxe8+ Rxe8 20. Be3 h6 21. Rxa7 Qe6 22. Rxc7 b5 23. Nxb5 1-0

[Event "SLO-ch U16"]
[Site "Sentjur"]
[Date "2005.02.28"]
[Round "3"]
[White "Kopinsek, Borut"]
[Black "Maksl, David"]
[Result "0-1"]
[WhiteElo "1500"]
[BlackElo "1540"]
[PlyCount "70"]
[EventDate "2005.02.26"]
[EventType "swiss"]
[EventRounds "9"]
[EventCountry "SLO"]
[SourceTitle "CBM 105 Extra"]
[Source "ChessBase"]
[SourceDate "2005.05.01"]
[SourceVersion "1"]
[SourceVersionDate "2005.05.01"]
[SourceQuality "1"]

1. e4 e5 2. Nf3 Nf6 3. Nc3 d6 4. Bc4 Nbd7 5. 0-0 Be7 6. d3 Nc5 7. Re1 Bg4 8. h3 Bh5 9. Be3 Nfd7 10. d4 exd4 11. Bxd4 0-0 12. Be2 Ne6 13. e5 Nxd4 14. Qxd4 Bxf3 15. Bxf3 dxe5 16. Rxe5 Nxe5 17. Qxe5 c6 18. Rd1 Bf6 19. Qf4 Qa5 20. Rd3 Rfe8 21. g3 Re1+ 22. Kg2 Rae8 23. a3 h6 24. Bh5 Qxh5 25. Rd7 Bxc3 26. bxc3 R1e4 27. Qc7 Rc4 28. g4 Qg6 29. Qxb7 Rxc3 30. Qxa7 Rxc2 31. a4 Ree2 32. Rd8+ Kh7 33. Qb8 Qf6 34. Rh8+ Kg6 35. h4 Qxf2+ 0-1

[Event "SLO-ch U16"]
[Site "Sentjur"]
[Date "2005.02.28"]
[Round "4"]
[White "Maksl, David"]
[Black "Pucelj, Marko"]
[Result "0-1"]
[WhiteElo "1540"]
[BlackElo "1683"]
[PlyCount "72"]
[EventDate "2005.02.26"]
[EventType "swiss"]
[EventRounds "9"]
[EventCountry "SLO"]
[SourceTitle "CBM 105 Extra"]
[Source "ChessBase"]
[SourceDate "2005.05.01"]
[SourceVersion "1"]
[SourceVersionDate "2005.05.01"]
[SourceQuality "1"]

1. e4 c5 2. Nf3 d6 3. e5 dxe5 4. Nxe5 Nf6 5. c3 e6 6. Na3 Qc7 7. Nf3 Bd7 8. Nb5 Qb6 9. Na3 Nc6 10. Nc4 Qc7 11. d4 cxd4 12. Nxd4 Nxd4 13. Qxd4 Bc5 14. Bf4 Qc6 15. Qe5 0-0 16. f3 b5 17. Nd6 a6 18. Bd3 Nd5 19. Bg3 h6 20. Ne4 Ba7 21. Bf2 Bxf2+ 22. Nxf2 Nf6 23. 0-0 Qd5 24. Qe3 Rad8 25. Rfd1 Qb7 26. Ne4 Nxe4 27. Bxe4 Bc6 28. Bc2 Qc7 29. Rd4 Rxd4 30. Qxd4 Rd8 31. Qe3 Rd6 32. Re1 Qd8 33. Qa7 Rd2 34. Rc1 Bxf3 35. gxf3 Qg5+ 36. Kf1 Qg2+ 0-1